Supply Chain Management for Dummies (Record no. 591386)

000 -LEADER
fixed length control field 00388nam a22001457a 4500
020 ## - INTERNATIONAL STANDARD BOOK NUMBER
International Standard Book Number 9781119677017
040 ## - CATALOGING SOURCE
Transcribing agency NUST
082 ## - DEWEY DECIMAL CLASSIFICATION NUMBER
Classification number 658.7 STA
100 ## - MAIN ENTRY--PERSONAL NAME
Personal name Stanton, Daniel
9 (RLIN) 98841
245 ## - TITLE STATEMENT
Title Supply Chain Management for Dummies
250 ## - EDITION STATEMENT
Edition statement 2nd Edition
260 ## - PUBLICATION, DISTRIBUTION, ETC.
Place of publication, distribution, etc. Canada:
Name of publisher, distributor, etc. John Willey & Sons,
Date of publication, distribution, etc. 2021.
650 ## - SUBJECT ADDED ENTRY--TOPICAL TERM
Topical term or geographic name entry element Supply Chain Management.NUSTTB2022
9 (RLIN) 102783
942 ## - ADDED ENTRY ELEMENTS (KOHA)
Source of classification or shelving scheme
Koha item type Book
Holdings
Withdrawn status Lost status Source of classification or shelving scheme Damaged status Not for loan Permanent Location Current Location Shelving location Date acquired Total Checkouts Full call number Barcode Date last seen Price effective from Koha item type
          College of Electrical & Mechanical Engineering (CEME) College of Electrical & Mechanical Engineering (CEME) General Stacks 09/08/2022   658.7 STA CEME-50876 09/08/2022 09/08/2022 Book
          College of Electrical & Mechanical Engineering (CEME) College of Electrical & Mechanical Engineering (CEME) General Stacks 12/05/2022   280 SCB CEME-50876-A 12/05/2022 12/05/2022 Book
© 2023 Central Library, National University of Sciences and Technology. All Rights Reserved.